Statistiques concernant 7 Perso - 1 Pts Commun - Harry Potter #20

Cliquez ici pour prendre le quiz!

Statistiques générales

  • Ce quiz a été pris 54 fois
  • Le résultat moyen est 3 sur 7

Statistiques - réponses

Personnages% Correct
Mangemorts
78%
Antonin Dolohov
59%
Yaxley
46%
Igor Karkaroff
34%
Rosier
27%
Travers
15%
Ausgustus Rookwood
7%

Distribution des résultats

Percentile par nombre de réponses

% des personnes avec chaque résultat

Votre développement - résultats

Vous n’avez pas pris ce quiz